De las más altas cumbres: teoría crítica latinoamericana moderna, 1876-2006
Na minha lista:
| Autor principal: | |
|---|---|
| Formato: | Livro |
| Idioma: | espanhol |
| Publicado em: |
Santiago
Lom
2012
|
| Edição: | 1a. ed |
| Colecção: | Ciolección Texto sobre Texto
|
| Assuntos: | |
| Tags: |
Adicionar Tag
Sem tags, seja o primeiro a adicionar uma tag!
|
MARC
| LEADER | 00000cam a2200000 a 4500 | ||
|---|---|---|---|
| 001 | UCF4591 | ||
| 003 | CL-VaPUC | ||
| 008 | 121213e20120000CL |||||||||||||||||spa|d | ||
| 020 | |a 9789560003737 | ||
| 082 | 0 | 4 | |a 860 |b ROJ |2 21 |
| 100 | 0 | |a Rojo, Grínor |e author |9 566133 | |
| 245 | 1 | 0 | |a De las más altas cumbres: teoría crítica latinoamericana moderna, 1876-2006 |
| 250 | |a 1a. ed | ||
| 300 | |a 366 p | ||
| 942 | |c BK | ||
| 945 | |d 20121213 00:00:00 |a dcastane | ||
| 260 | |a Santiago |b Lom |c 2012 | ||
| 650 | 0 | |a Literatura hispanoamericana |9 269097 | |
| 650 | 0 | |a Crítica e interpretación |9 255042 | |
| 650 | 0 | |a Crítica literaria |9 269189 | |
| 583 | |a last modification |c 20121213 11:07:00 |k Rodrigo Vera | ||
| 490 | 0 | |a Ciolección Texto sobre Texto | |
| 999 | |c 350347 |d 350345 | ||
| 952 | |0 0 |1 0 |4 0 |6 860_000000000000000_ROJ_2012 |7 0 |8 A |9 453630 |a BIBING |b BIBING |d 2019-11-22 |i 4933419 |o 860 ROJ 2012 |p 4933419 |r 2025-01-20 |w 2019-11-22 |y BK |k CUI | ||